000 00767nam a2200253Ia 4500
003 OSt
005 20220928125011.0
006 a|||||r|||| 00| 0
007 ta
008 220927b |||||||| |||| 00| 0 eng d
020 _c8568
024 _a125257
037 _b189, 08/01/2015, Classic Book Service
_cTextual
040 _aSDCL
_cSDCL
_beng
041 _2eng
_aeng
082 _aY16, Q3
100 _aKosmala Katarzyna
_9467515
245 0 _aImagining masculinities
_b Spatial and emporal representation and visual culture
260 _aNew York
_b Routledge
_c2013
300 _axvi;220p
_ccm.
650 _aEnglish
942 _hY16, Q3
_cTEXL
_2CC
999 _c780375
_d780375